Los Pueblos indígenas de Nicaragüa y su naturaleza jurídica /

Đã lưu trong:
Chi tiết về thư mục
Tác giả chính: Rizo, Mario
Định dạng: Texto
Những chủ đề:
Các nhãn: Thêm thẻ
Không có thẻ, Là người đầu tiên thẻ bản ghi này!

MARC

LEADER 00000 a a2200000 04500
001 15555
003
040
100 |a Rizo, Mario  
245 |a Los Pueblos indígenas de Nicaragüa y su naturaleza jurídica /  |c Mario Rizo 
650 |a AMERINDIOS  
650 |a LEGISLACION SOCIAL  
650 |a DERECHOS CIVILES  
650 |a DISCRIMINACION RACIAL  
650 |a HISTORIA  
773 |g número 14; páginas 89-117  
999 |c 36246  |d 36246